| 000 | 00390nam a22001577a 4500 | ||
|---|---|---|---|
| 003 | LK-CoDNM | ||
| 005 | 20240919104502.0 | ||
| 008 | 240815b |||||||| |||| 00| 0 eng d | ||
| 040 |
_aLK-CoDNM _dLK-CoDNM _eLK-CoDNM |
||
| 041 | _asin | ||
| 080 | _bGP1981 | ||
| 245 | _aThe acts of sri lanka - 1981 | ||
| 260 |
_aColombo _bGoverment Printer _c1981 |
||
| 300 | _b13p. : 20 cm | ||
| 942 | _cBK | ||
| 999 |
_c147782 _d147782 |
||